00725nam a2200229 a 4500001000200000003000900002005001700011007001000028008003100038020001800069040002500087082002800112100002500140245007000165260004900235300002000284500007100304500003500375650002500410650002700435700003300462 DO-SdBPM20250319072417.0000012331091111s2023 dr 000 j spa d a9789945635829 aDO-SdBPMbspacBPMSU 4aRD863.5bP438h 20232221 a Pérez, George d 10aHechos de sangre /cGeorge Pérez : prólogo Mateo Morrison b  aSanto Domingo, :bEditorial Santuario c2023 a93 p. ;c21 cm. aIncluye datos biográficos del autor en la solapa de la cubierta  aComentario de Daniela Andrea  4aCuentos dominicanos  4aLiteratura dominicana 1 aMorrison, Mateo eprólogo